00562nam a22001937a 450000500170000001000130001702000210003003500130005103700160006404000120008008200170009210000200010924500860012926000380021527000610025330000270031465000110034165000160035220170124110051.0 aA-381896 c00.00a086132238 aA-381896 bCen Lib/Ret aDPLbEN a784.092bNAY aNayar, Sobhana  aBhatkhande's contribution to music :cby Sobhana Nayar bhistorical perspective / aBombay bPopular Prakashan c1989 a35-C, Pandit Madan Mohan Malaviya Marg bBomaby e400034 axvi, 376p. :c21cm(Hb) aMusic  aFolk music